|
|
|
|
| LEADER |
00000nam a2200000 a 4500 |
| 001 |
vtls001444353 |
| 003 |
SK-MaSNL |
| 005 |
20260301203006.0 |
| 008 |
251113sm y0 au a r 0 ger |
| 020 |
|
|
|c [876,00]
|
| 035 |
|
|
|a SNK000399578
|
| 040 |
|
|
|a SNK
|b slo
|c SNK
|e AACR2
|
| 044 |
|
|
|a au
|c AT
|
| 072 |
|
7 |
|a 72/76
|2 konspekt
|
| 072 |
|
7 |
|a 304
|2 konspekt
|
| 080 |
|
|
|a 304.2/.4
|2 1981
|
| 080 |
|
|
|a 930-85
|2 1981
|
| 080 |
|
|
|a 341.232.7
|2 1981
|
| 080 |
|
|
|a 351.85
|2 1981
|
| 080 |
|
|
|a (048.8)
|2 1981
|
| 080 |
|
|
|a 72/79
|2 1981
|
| 100 |
1 |
|
|a Desch, Thomas
|4 aut
|9 585861
|
| 245 |
1 |
|
|a Revision der Haager Konvention zum Schutz von Kulturgut bei bewaffneten Konflikten 1954 - wozu?
|b Festvortrag anlässlich der Generalversammlung der Österreichischen Gesellschaft für Kulturgüterschutz am 22. Oktober 1998
|c Thomas Desch
|
| 260 |
|
|
|a Wien
|b Österreichische Gesellschaft für Kulturgüterschutz
|c 1999
|
| 300 |
|
|
|a 55 s.
|b obr.
|c 21 cm
|
| 490 |
1 |
|
|a Schriften der Österreichischen Gesellschaft für Kulturgüterschutz
|v Nr. 5
|
| 500 |
|
|
|a Súbež. text angl.
|
| 650 |
0 |
7 |
|a kultúrna politika
|2 SNK
|9 66926
|
| 650 |
0 |
7 |
|a kultúrne dedičstvo
|2 SNK
|9 4195
|
| 650 |
0 |
7 |
|a ochrana kultúrneho dedičstva
|z Haag
|x zmluvy
|y r. 1954
|2 SNK
|9 585862
|
| 650 |
0 |
7 |
|a kultúrna identita
|2 SNK
|9 1668
|
| 650 |
0 |
7 |
|a výtvarné umenie
|2 konspekt
|9 723
|
| 650 |
0 |
7 |
|a kultúrna politika
|2 konspekt
|9 66926
|
| 655 |
|
7 |
|a príručky
|2 SNK
|9 74364
|
| 655 |
|
7 |
|a štúdie
|2 SNK
|9 57033
|
| 830 |
|
0 |
|a Schriften der Österreichischen Gesellschaft für Kulturgüterschutz
|9 489190
|
| 999 |
|
|
|c 900968
|d 902898
|
| 952 |
|
|
|t P60, <04>, [BOOK], {604}
|a SNK
|b SNK
|y VYP
|7 0
|p 17A0367260
|o snkIC 130407
|i snkV 1471/2002
|0 0
|1 0
|4 0
|d 2002-12-16
|l 0
|r 2005-01-02 00:00:00
|w 2026-02-24
|